LIBRARY & INFORMATION CENTRE, KCAET, TAVANUR

ONLINE PUBLIC ACCESS CATALOGUE (OPAC)

Ithiri mannum Othiri manushyarum / (Record no. 1147)

MARC details
000 -LEADER
fixed length control field 00431cam a2200169ua 4500
041 ## - LANGUAGE CODE
Language code of text/sound track or separate title mal
082 ## - DEWEY DECIMAL CLASSIFICATION NUMBER
Classification number 894.8122
Item number SAD/IT
100 ## - MAIN ENTRY--AUTHOR NAME
Personal name Sadanandan, S.L.Puram .
245 ## - TITLE STATEMENT
Title Ithiri mannum Othiri manushyarum /
260 ## - PUBLICATION, DISTRIBUTION, ETC. (IMPRINT)
Place of publication Thrissur :
Name of publisher Current Books ,
Year of publication 1961.
300 ## - PHYSICAL DESCRIPTION
Number of Pages 108 ; .
942 ## - ADDED ENTRY ELEMENTS (KOHA)
Koha item type Books
Holdings
Withdrawn status Lost status Damaged status Home library Current library Date acquired Full call number Accession Number Koha item type
Withdrawn     KAUAET Sanskrit University 07/04/2012 894.8122 1635 Books
free website counter